<?xml version="1.0" encoding="UTF-8"?>
<record
    xmlns:xsi="http://www.w3.org/2001/XMLSchema-instance"
    xsi:schemaLocation="http://www.loc.gov/MARC21/slim http://www.loc.gov/standards/marcxml/schema/MARC21slim.xsd"
    xmlns="http://www.loc.gov/MARC21/slim">

  <leader>01690nam a2200301   4500</leader>
  <controlfield tag="003">CO-ViMGA</controlfield>
  <datafield tag="020" ind1=" " ind2=" ">
    <subfield code="a">9789583042515</subfield>
  </datafield>
  <datafield tag="040" ind1=" " ind2=" ">
    <subfield code="a">CO-ViMGA</subfield>
    <subfield code="b">spa</subfield>
    <subfield code="c">CO-ViMGA</subfield>
  </datafield>
  <datafield tag="082" ind1="0" ind2="4">
    <subfield code="a">I833.91 </subfield>
    <subfield code="b">D69p</subfield>
  </datafield>
  <datafield tag="100" ind1="1" ind2=" ">
    <subfield code="a">Dorison, Guillaume</subfield>
    <subfield code="9">552</subfield>
  </datafield>
  <datafield tag="245" ind1="1" ind2="0">
    <subfield code="a">El Principito :</subfield>
    <subfield code="b">El planeta de la m&#xFA;sica /</subfield>
    <subfield code="c">guion Guillaume Dorison ; dibujo Lucy Mazel ; traducci&#xF3;n Ernesto Camacho Ocampo</subfield>
  </datafield>
  <datafield tag="260" ind1=" " ind2=" ">
    <subfield code="a">Bogota :</subfield>
    <subfield code="b">Panamericana Editorial, </subfield>
    <subfield code="c">2013</subfield>
  </datafield>
  <datafield tag="300" ind1=" " ind2=" ">
    <subfield code="a">49. :</subfield>
    <subfield code="b">il. ; color</subfield>
  </datafield>
  <datafield tag="500" ind1=" " ind2=" ">
    <subfield code="a">Inspirado en la serie animada y en un gui&#xF3;n original de Cl&#xE9;lia Constantine</subfield>
  </datafield>
  <datafield tag="500" ind1=" " ind2=" ">
    <subfield code="a">Las nuevas aventuras basadas en la obra maestra de Antoine de Saint-Exup&#xE9;ry</subfield>
  </datafield>
  <datafield tag="501" ind1=" " ind2=" ">
    <subfield code="a">El Principito imaginado por Convard y Griffo</subfield>
  </datafield>
  <datafield tag="520" ind1=" " ind2=" ">
    <subfield code="a">Cuando el Principito llega a este planeta, los utinos se encuentran un poco alterados por el comportamiento extra&#xF1;o de Eufon&#xED;a, la diva que, al vocalizar, da ritmo a su jornada. En efecto, desde hace poco Eufon&#xED;a canta menos, o no tan bien, y parece preocupada. Cuando el Principito descubre que la tristeza de Eufon&#xED;a proviene de su amor contrariado por Ivory, las cosas se complican. En efecto, Ivory hace parte del pueblo de los pistilos, enemigos a muerte de los utinos... tomado de la contracubierta del libro</subfield>
  </datafield>
  <datafield tag="534" ind1=" " ind2=" ">
    <subfield code="p">Le petit prince. la plan&#xE9;te de la musique</subfield>
  </datafield>
  <datafield tag="650" ind1="1" ind2="4">
    <subfield code="a">Adaptaciones literarias</subfield>
    <subfield code="9">558</subfield>
  </datafield>
  <datafield tag="650" ind1="1" ind2="4">
    <subfield code="a">Cuentos infantiles franceses</subfield>
    <subfield code="9">333</subfield>
  </datafield>
  <datafield tag="650" ind1="1" ind2="4">
    <subfield code="a">Libros ilustrados para ni&#xF1;os</subfield>
    <subfield code="9">64</subfield>
  </datafield>
  <datafield tag="650" ind1="1" ind2="4">
    <subfield code="a">Novela gr&#xE1;fica</subfield>
    <subfield code="9">556</subfield>
  </datafield>
  <datafield tag="650" ind1="1" ind2="4">
    <subfield code="a">Tiras c&#xF3;micas, historietas, etc.</subfield>
    <subfield code="9">557</subfield>
  </datafield>
  <datafield tag="700" ind1="1" ind2=" ">
    <subfield code="a">Camacho, Ernesto</subfield>
    <subfield code="9">245</subfield>
  </datafield>
  <datafield tag="700" ind1="1" ind2=" ">
    <subfield code="a">El Principito imaginado por Convard y Griffo</subfield>
    <subfield code="9">555</subfield>
  </datafield>
  <datafield tag="700" ind1="1" ind2=" ">
    <subfield code="a">Mazel, Lucy</subfield>
    <subfield code="9">554</subfield>
  </datafield>
  <datafield tag="942" ind1=" " ind2=" ">
    <subfield code="2">ddc</subfield>
    <subfield code="c">BK</subfield>
  </datafield>
  <datafield tag="999" ind1=" " ind2=" ">
    <subfield code="c">37163</subfield>
    <subfield code="d">37163</subfield>
  </datafield>
  <datafield tag="952" ind1=" " ind2=" ">
    <subfield code="0">0</subfield>
    <subfield code="1">0</subfield>
    <subfield code="2">ddc</subfield>
    <subfield code="4">0</subfield>
    <subfield code="7">0</subfield>
    <subfield code="a">MEVIECAR</subfield>
    <subfield code="b">MEVIECAR</subfield>
    <subfield code="d">2020-01-31</subfield>
    <subfield code="l">0</subfield>
    <subfield code="o">I833.91 D69p</subfield>
    <subfield code="p">33028</subfield>
    <subfield code="r">2020-01-31 00:00:00</subfield>
    <subfield code="w">2020-01-31</subfield>
    <subfield code="y">BK</subfield>
  </datafield>
  <datafield tag="952" ind1=" " ind2=" ">
    <subfield code="0">0</subfield>
    <subfield code="1">0</subfield>
    <subfield code="2">ddc</subfield>
    <subfield code="4">0</subfield>
    <subfield code="7">0</subfield>
    <subfield code="a">MEVIECAR</subfield>
    <subfield code="b">MEVIECAR</subfield>
    <subfield code="d">2020-01-31</subfield>
    <subfield code="l">0</subfield>
    <subfield code="o">I833.91 D69p</subfield>
    <subfield code="p">33027</subfield>
    <subfield code="r">2020-01-31 00:00:00</subfield>
    <subfield code="w">2020-01-31</subfield>
    <subfield code="y">BK</subfield>
  </datafield>
</record>
